ORMAKKOOTTU (Record no. 134503)

MARC details
000 -LEADER
fixed length control field 00487nam a22001817a 4500
003 - CONTROL NUMBER IDENTIFIER
control field OSt
005 - DATE AND TIME OF LATEST TRANSACTION
control field 20220726091150.0
008 - FIXED-LENGTH DATA ELEMENTS--GENERAL INFORMATION
fixed length control field 220726b |||||||| |||| 00| 0 eng d
040 ## - CATALOGING SOURCE
Transcribing agency SBCL
082 ## - DEWEY DECIMAL CLASSIFICATION NUMBER
Classification number 920.7
Item number CHE-O
100 ## - MAIN ENTRY--PERSONAL NAME
Personal name CHENNATTUSERRY,MARYKUTTY CHACKO
245 ## - TITLE STATEMENT
Title ORMAKKOOTTU
260 ## - PUBLICATION, DISTRIBUTION, ETC.
Place of publication, distribution, etc. CHANGANACHERRY
Name of publisher, distributor, etc. ST. JOSEPH ORPHANAGE PRESS
Date of publication, distribution, etc. 2020
300 ## - PHYSICAL DESCRIPTION
Extent 92p.
630 ## - SUBJECT ADDED ENTRY--UNIFORM TITLE
General subdivision GENERAL STACK
650 ## - SUBJECT ADDED ENTRY--TOPICAL TERM
Topical term or geographic name entry element Biography, genealogy & insignia
942 ## - ADDED ENTRY ELEMENTS (KOHA)
Koha item type BOOK
650 ## - SUBJECT ADDED ENTRY--TOPICAL TERM
Source of heading or term History & geography
Holdings
Withdrawn status Lost status Source of classification or shelving scheme Damaged status Not for loan Home library Current library Date acquired Total Checkouts Full call number Barcode Shelving location Date last seen Price effective from Koha item type
    Dewey Decimal Classification     SB LIBRARY SB LIBRARY 26/07/2022   920.7 CHE-O 00141850 GENERAL STACK 26/07/2022 26/07/2022 BOOK

Powered by Koha